| 000 | 00628 a2200181 4500 | ||
|---|---|---|---|
| 020 | _a038790915X | ||
| 020 | _a9780387909158 | ||
| 082 | 0 | 4 | _a515.7 |
| 090 |
_c1507 _d1507 |
||
| 100 | 1 | _aZeidler, E. | |
| 245 | 1 | 0 |
_aNonlinear functional analysis and its applications : _bpart 3 : _bvariational methods and optimization / _cE. Zeidler, L.F. Boron. |
| 250 | _a1st ed. | ||
| 260 |
_a[S.l.] : _bSpringer, _c1984. |
||
| 300 |
_a688 p. ; _c24 cm. |
||
| 700 | 1 | _aBoron, L.F. | |
| 942 |
_aSNS _cBK _k515.7 ZEI |
||
| 999 |
_c30118 _d30118 |
||